[Event "Bundesliga 9697"]
[Site "Deutschland"]
[Date "1997.??.??"]
[Round "?.7"]
[White "Schmitz, Joachim"]
[Black "Dudek, Richard"]
[Result "1-0"]
[WhiteElo "2197"]
[BlackElo "2305"]
[PlyCount "83"]
[EventDate "1996.10.??"]
[EventType "team"]
[EventRounds "15"]
[EventCountry "GER"]
[SourceTitle "Bundesliga 9697"]
[Source "DeepChess"]
[SourceDate "2005.01.01"]
[SourceVersion "1"]
[SourceVersionDate "2005.01.01"]
[SourceQuality "1"]
[WhiteTeam "PSV Turm Duisburg 1920 e.V."]
[BlackTeam "SC Eppingen e.V."]
[WhiteTeamCountry "GER"]
[BlackTeamCountry "GER"]

1. Nf3 Nf6 2. c4 b6 3. g3 Bb7 4. Bg2 e6 5. O-O Be7 6. b3 O-O 7. Bb2 c5 8. Nc3
d5 9. e3 dxc4 10. bxc4 Nc6 11. Qe2 Qc8 12. d3 Rd8 13. Ne1 Na5 14. Bxb7 Qxb7 15.
f4 a6 16. a4 Ne8 17. Rb1 Qd7 18. g4 Rab8 19. g5 Nd6 20. Nf3 Nc6 21. Ba1 Nf5 22.
Rfd1 Nb4 23. Rd2 Qb7 24. Rbd1 Nd6 25. Ne5 Nc6 26. Ng4 b5 27. axb5 axb5 28. cxb5
Nb4 29. h4 Nxb5 30. Ne4 Nd6 31. Nxd6 Bxd6 32. h5 Nd5 33. h6 f5 34. gxf6 g6 35.
Qg2 Qb3 36. Qe4 Re8 37. Qc4 Qb7 38. Rb2 Nb4 39. Qe4 Qa6 40. Rbd2 Nd5 41. f5 Rb4
42. fxg6 1-0

[Event "Bundesliga 9697"]
[Site "Deutschland"]
[Date "1997.??.??"]
[Round "?.8"]
[White "Kitte, Sebastian"]
[Black "Schmitz, Joachim"]
[Result "1-0"]
[WhiteElo "2300"]
[BlackElo "2197"]
[PlyCount "77"]
[EventDate "1996.10.??"]
[EventType "team"]
[EventRounds "15"]
[EventCountry "GER"]
[SourceTitle "Bundesliga 9697"]
[Source "DeepChess"]
[SourceDate "2005.01.01"]
[SourceVersion "1"]
[SourceVersionDate "2005.01.01"]
[SourceQuality "1"]
[WhiteTeam "SG Bochum 31"]
[BlackTeam "PSV Turm Duisburg 1920 e.V."]
[WhiteTeamCountry "GER"]
[BlackTeamCountry "GER"]

1. d4 Nf6 2. c4 e6 3. Nc3 d5 4. cxd5 exd5 5. Bg5 c6 6. Qc2 Be7 7. e3 Nbd7 8.
Bd3 Nh5 9. Bxe7 Qxe7 10. Nge2 g6 11. O-O-O Nb6 12. Kb1 Bd7 13. Rc1 Qb4 14. a3
Qe7 15. e4 dxe4 16. Nxe4 Bf5 17. f3 O-O 18. g4 Bxe4 19. fxe4 Nf6 20. Rhg1 Rad8
21. h4 Rfe8 22. e5 Nfd5 23. h5 Nc7 24. Rh1 Ne6 25. hxg6 hxg6 26. Nf4 Qf8 27.
Bxg6 Nxf4 28. Rh8+ Kg7 29. Rh7+ Kg8 30. Rh8+ Kg7 31. Rxf8 Rxf8 32. Bf5 Rxd4 33.
Rh1 Rh8 34. Rxh8 Kxh8 35. Qf2 c5 36. Qh4+ Kg8 37. Qh6 Rd1+ 38. Ka2 Ng6 39. e6
1-0

[Event "Bundesliga 9697"]
[Site "Deutschland"]
[Date "1997.??.??"]
[Round "?.6"]
[White "Vogt, Lothar"]
[Black "Schmitz, Joachim"]
[Result "1/2-1/2"]
[WhiteElo "2515"]
[BlackElo "2197"]
[PlyCount "99"]
[EventDate "1996.10.??"]
[EventType "team"]
[EventRounds "15"]
[EventCountry "GER"]
[SourceTitle "Bundesliga 9697"]
[Source "DeepChess"]
[SourceDate "2005.01.01"]
[SourceVersion "1"]
[SourceVersionDate "2005.01.01"]
[SourceQuality "1"]
[WhiteTeam "SG Porz e.V."]
[BlackTeam "PSV Turm Duisburg 1920 e.V."]
[WhiteTeamCountry "GER"]
[BlackTeamCountry "GER"]

1. e4 c6 2. d4 d5 3. Nd2 dxe4 4. Nxe4 Bf5 5. Ng3 Bg6 6. h4 h6 7. Nf3 Nd7 8. h5
Bh7 9. Bd3 Bxd3 10. Qxd3 Ngf6 11. Bd2 e6 12. O-O-O Qc7 13. Ne4 O-O-O 14. g3
Nxe4 15. Qxe4 Nf6 16. Qe2 Bd6 17. c4 c5 18. Bc3 cxd4 19. Nxd4 a6 20. f4 Rd7 21.
Nf3 Qc6 22. Be5 Rhd8 23. Bxd6 Rxd6 24. Ne5 Rxd1+ 25. Rxd1 Rxd1+ 26. Qxd1 Qc7
27. Qe2 Ne8 28. b3 Nd6 29. g4 Qb6 30. Kc2 Qd4 31. Qd2 Qxd2+ 32. Kxd2 f5 33. Ke3
fxg4 34. Nxg4 Nf5+ 35. Kf3 Nd4+ 36. Ke4 Nf5 37. Ke5 Kd7 38. Nf2 b6 39. c5 b5
40. Ne4 Ne7 41. Nd6 g6 42. hxg6 Nxg6+ 43. Ke4 h5 44. b4 h4 45. Kf3 h3 46. f5
exf5 47. Nxf5 Ne5+ 48. Kg3 Nc6 49. a3 a5 50. bxa5 1/2-1/2

[Event "Bundesliga 9697"]
[Site "Deutschland"]
[Date "1997.??.??"]
[Round "?.8"]
[White "Schmitz, Joachim"]
[Black "Goetz, Ralph"]
[Result "1/2-1/2"]
[WhiteElo "2197"]
[BlackElo "2310"]
[PlyCount "34"]
[EventDate "1996.10.??"]
[EventType "team"]
[EventRounds "15"]
[EventCountry "GER"]
[SourceTitle "Bundesliga 9697"]
[Source "DeepChess"]
[SourceDate "2005.01.01"]
[SourceVersion "1"]
[SourceVersionDate "2005.01.01"]
[SourceQuality "1"]
[WhiteTeam "PSV Turm Duisburg 1920 e.V."]
[BlackTeam "SK Passau 1869"]
[WhiteTeamCountry "GER"]
[BlackTeamCountry "GER"]

1. Nf3 d5 2. g3 c6 3. Bg2 Bg4 4. O-O Nd7 5. d4 e6 6. Nbd2 Ngf6 7. Re1 Be7 8. e4
dxe4 9. Nxe4 Nxe4 10. Rxe4 Bf5 11. Re1 O-O 12. c3 Qb6 13. Qb3 Qxb3 14. axb3 a5
15. Ne5 Nxe5 16. Rxe5 Bd8 17. Bf4 Bb6 1/2-1/2

[Event "Bundesliga 9697"]
[Site "Deutschland"]
[Date "1997.??.??"]
[Round "?.8"]
[White "Schmitz, Joachim"]
[Black "Lemmers, Oscar"]
[Result "1/2-1/2"]
[WhiteElo "2197"]
[BlackElo "2340"]
[PlyCount "92"]
[EventDate "1996.10.??"]
[EventType "team"]
[EventRounds "15"]
[EventCountry "GER"]
[SourceTitle "Bundesliga 9697"]
[Source "DeepChess"]
[SourceDate "2005.01.01"]
[SourceVersion "1"]
[SourceVersionDate "2005.01.01"]
[SourceQuality "1"]
[WhiteTeam "PSV Turm Duisburg 1920 e.V."]
[BlackTeam "SV Castrop Rauxel 1923"]
[WhiteTeamCountry "GER"]
[BlackTeamCountry "GER"]

1. Nf3 g6 2. d4 Bg7 3. e4 d6 4. Be2 Nf6 5. Nc3 O-O 6. O-O c6 7. a4 Nbd7 8. h3
e5 9. dxe5 dxe5 10. Qd6 Re8 11. Bg5 h6 12. Be3 Bf8 13. Qd2 Nc5 14. Qxd8 Rxd8
15. Nxe5 Re8 16. Nc4 Ncxe4 17. Nxe4 Nxe4 18. Rfd1 Be6 19. Bf1 Bd5 20. Na5 Re7
21. Bc4 Bxc4 22. Nxc4 Nf6 23. Kf1 Re6 24. c3 Nd5 25. Bd4 f6 26. Re1 Rxe1+ 27.
Rxe1 Kf7 28. f3 b6 29. g3 Nc7 30. Be3 Nd5 31. Bf2 Rb8 32. Ne3 Nc7 33. Nc2 Na6
34. Nd4 Rc8 35. Nb3 c5 36. Nd2 Nc7 37. Nc4 Nd5 38. Re2 Rb8 39. Rd2 Ke6 40. Re2+
Kd7 41. Ke1 a6 42. Rd2 Kc6 43. Kd1 Be7 44. Re2 Kd7 45. Rd2 Kc6 46. Re2 Kd7
1/2-1/2

[Event "Bundesliga 9697"]
[Site "Deutschland"]
[Date "1997.??.??"]
[Round "?.8"]
[White "Kimpinsky, Frank"]
[Black "Schmitz, Joachim"]
[Result "1/2-1/2"]
[WhiteElo "2270"]
[BlackElo "2197"]
[PlyCount "36"]
[EventDate "1996.10.??"]
[EventType "team"]
[EventRounds "15"]
[EventCountry "GER"]
[SourceTitle "Bundesliga 9697"]
[Source "DeepChess"]
[SourceDate "2005.01.01"]
[SourceVersion "1"]
[SourceVersionDate "2005.01.01"]
[SourceQuality "1"]
[WhiteTeam "SV Empor Berlin e.V."]
[BlackTeam "PSV Turm Duisburg 1920 e.V."]
[WhiteTeamCountry "GER"]
[BlackTeamCountry "GER"]

1. e4 c6 2. d4 d5 3. Nc3 dxe4 4. Nxe4 Bf5 5. Nc3 Bg6 6. f4 e6 7. Nf3 Nd7 8. Bc4
Ngf6 9. O-O Nb6 10. Bb3 c5 11. Qe2 Be7 12. f5 exf5 13. dxc5 Nbd7 14. c6 bxc6
15. Nh4 O-O 16. Nxf5 Bc5+ 17. Kh1 Qe8 18. Qxe8 Raxe8 1/2-1/2

[Event "Bundesliga 9697"]
[Site "Deutschland"]
[Date "1997.??.??"]
[Round "?.8"]
[White "Brueggemann, Joachim"]
[Black "Schmitz, Joachim"]
[Result "1/2-1/2"]
[WhiteElo "2285"]
[BlackElo "2197"]
[PlyCount "228"]
[EventDate "1996.10.??"]
[EventType "team"]
[EventRounds "15"]
[EventCountry "GER"]
[SourceTitle "Bundesliga 9697"]
[Source "DeepChess"]
[SourceDate "2005.01.01"]
[SourceVersion "1"]
[SourceVersionDate "2005.01.01"]
[SourceQuality "1"]
[WhiteTeam "SV Erfurt West 90"]
[BlackTeam "PSV Turm Duisburg 1920 e.V."]
[WhiteTeamCountry "GER"]
[BlackTeamCountry "GER"]

1. e4 c6 2. d4 d5 3. Nc3 dxe4 4. Nxe4 Bf5 5. Ng3 Bg6 6. Nf3 Nd7 7. Bd3 Ngf6 8.
Bxg6 hxg6 9. Qe2 e6 10. Bd2 Bd6 11. O-O-O Qc7 12. Ng5 O-O 13. h4 Bxg3 14. fxg3
Qxg3 15. Rdf1 Qg4 16. Rf3 c5 17. dxc5 Nxc5 18. Bf4 Rac8 19. Kb1 Rcd8 20. a3 Rd5
21. Re1 Rfd8 22. Bc1 b6 23. Nxf7 Rf8 24. Ng5 Rf5 25. b4 Na4 26. Qxe6+ Kh8 27.
Qd6 Rc8 28. Rxf5 Qxf5 29. Qd3 Nc3+ 30. Ka1 Qg4 31. Re7 Qf5 32. Qxf5 gxf5 33.
Bb2 Nd1 34. Nf7+ Kg8 35. Nh6+ Kh8 36. Nxf5 Rxc2 37. Be5 Rxg2 38. Nxg7 Ng4 39.
Bd4 Kg8 40. Ne6 Nde3 41. Bxe3 Nxe3 42. Rxa7 Nd5 43. Ra8+ Kf7 44. Ng5+ Ke7 45.
Kb1 Kd7 46. Rf8 Rh2 47. Rf3 Rxh4 48. Rd3 Kc6 49. Nf3 Re4 50. Nd4+ Kd6 51. Kb2
Ke5 52. Nf3+ Kd6 53. Nd2 Re2 54. Kb3 Kc6 55. Nf3 Re3 56. Nd4+ Kb7 57. Rxe3 Nxe3
58. Kc3 Kc7 59. Kd3 Nd5 60. Kc4 Ne3+ 61. Kb5 Kb7 62. Nf3 Nf5 63. Ne5 Nd6+ 64.
Ka4 Ka6 65. Kb3 Kb5 66. a4+ Ka6 67. Kc3 Nf5 68. Kd3 Kb7 69. Ke4 Ng3+ 70. Kd5
Ne2 71. Kc4 Kc7 72. Nd3 Kb7 73. Nf2 Ng3 74. Kd5 Nf5 75. Ne4 Ne3+ 76. Kd6 Nc4+
77. Kd5 Nb2 78. Nc3 Kc7 79. b5 Nd3 80. Kc4 Nb2+ 81. Kb3 Nd3 82. Ne4 Kd7 83. Kc3
Nf4 84. Kd4 Kc7 85. Nd2 Ne2+ 86. Kc4 Nf4 87. Ne4 Kb7 88. Kd4 Ne2+ 89. Ke5 Kc7
90. Ke6 Nd4+ 91. Kd5 Ne2 92. Kc4 Kb7 93. Nf6 Nf4 94. Nd5 Ne6 95. Nc3 Nf4 96.
Kd4 Ne6+ 97. Kd5 Nf4+ 98. Kd6 Nd3 99. Nd1 Nc5 100. Nb2 Ne4+ 101. Kd5 Nc3+ 102.
Kc4 Ne4 103. Nd3 Nd2+ 104. Kb4 Ne4 105. Ne5 Nd6 106. Nc4 Ne4 107. a5 bxa5+ 108.
Kxa5 Nc5 109. b6 Ne6 110. Nd6+ Kb8 111. b7 Nc7 112. Kb6 Nd5+ 113. Kb5 Kc7 114.
Ka6 Nb4+ 1/2-1/2

[Event "Bundesliga 9697"]
[Site "Deutschland"]
[Date "1996.??.??"]
[Round "?.1"]
[White "Schebler, Gerhard"]
[Black "Khalifman, Alexander"]
[Result "1/2-1/2"]
[WhiteElo "2425"]
[BlackElo "2640"]
[PlyCount "33"]
[EventDate "1996.10.??"]
[EventType "team"]
[EventRounds "15"]
[EventCountry "GER"]
[SourceTitle "Bundesliga 9697"]
[Source "DeepChess"]
[SourceDate "2005.01.01"]
[SourceVersion "1"]
[SourceVersionDate "2005.01.01"]
[SourceQuality "1"]
[WhiteTeam "PSV/BSV Wuppertal 1921 e.V."]
[BlackTeam "PSV Turm Duisburg 1920 e.V."]
[WhiteTeamCountry "GER"]
[BlackTeamCountry "GER"]

1. d4 Nf6 2. Nf3 g6 3. c4 Bg7 4. Nc3 O-O 5. e4 c6 6. Be2 d5 7. e5 Ne4 8. O-O
Bf5 9. Qb3 Qd7 10. Be3 Nxc3 11. Qxc3 Na6 12. cxd5 cxd5 13. Rfc1 Qa4 14. a3 Rac8
15. Qd2 Nb8 16. h3 Rxc1+ 17. Rxc1 1/2-1/2

[Event "Bundesliga 9697"]
[Site "Deutschland"]
[Date "1996.??.??"]
[Round "?.2"]
[White "Kotronias, Vasilios"]
[Black "Hausrath, Daniel"]
[Result "1-0"]
[WhiteElo "2615"]
[BlackElo "2440"]
[PlyCount "107"]
[EventDate "1996.10.??"]
[EventType "team"]
[EventRounds "15"]
[EventCountry "GER"]
[SourceTitle "Bundesliga 9697"]
[Source "DeepChess"]
[SourceDate "2005.01.01"]
[SourceVersion "1"]
[SourceVersionDate "2005.01.01"]
[SourceQuality "1"]
[WhiteTeam "PSV Turm Duisburg 1920 e.V."]
[BlackTeam "PSV/BSV Wuppertal 1921 e.V."]
[WhiteTeamCountry "GER"]
[BlackTeamCountry "GER"]

1. e4 c5 2. Nf3 Nc6 3. d4 cxd4 4. Nxd4 Nf6 5. Nc3 e5 6. Ndb5 d6 7. Bg5 a6 8.
Na3 Be6 9. Nc4 Rc8 10. Bxf6 Qxf6 11. Nb6 Rb8 12. Ncd5 Qd8 13. c3 Be7 14. Bc4
O-O 15. O-O Bg5 16. a4 a5 17. Qe2 g6 18. Rad1 Kh8 19. Bb3 Re8 20. Nc4 f5 21.
exf5 gxf5 22. Qh5 Rg8 23. Nxd6 Qxd6 24. h4 Bxd5 25. Bxd5 Qh6 26. Qxh6 Bxh6 27.
Bxg8 Rxg8 28. Rd7 e4 29. Rxb7 Ne5 30. Rb5 Nd3 31. Rxf5 Nxb2 32. Rxa5 Bd2 33.
Re5 Nxa4 34. Rxe4 Nxc3 35. Rc4 Ra8 36. g3 Ra2 37. Kg2 Kg7 38. Kh3 Ra3 39. Rd4
Ra2 40. f3 Ne2 41. Rd7+ Kg6 42. Rb1 Bc3 43. Rd5 Bd4 44. h5+ Kf6 45. Kg4 Ra4 46.
f4 Ra3 47. Rd6+ Ke7 48. Rh6 Rxg3+ 49. Kf5 Re3 50. Rb7+ Kf8 51. Rhxh7 Re8 52.
Kg4 Nc3 53. Rhd7 Bc5 54. h6 1-0

[Event "Bundesliga 9697"]
[Site "Deutschland"]
[Date "1996.??.??"]
[Round "?.5"]
[White "Schiffer, Kai Uwe"]
[Black "Sax, Gyula"]
[Result "1-0"]
[WhiteElo "2340"]
[BlackElo "2525"]
[PlyCount "89"]
[EventDate "1996.10.??"]
[EventType "team"]
[EventRounds "15"]
[EventCountry "GER"]
[SourceTitle "Bundesliga 9697"]
[Source "DeepChess"]
[SourceDate "2005.01.01"]
[SourceVersion "1"]
[SourceVersionDate "2005.01.01"]
[SourceQuality "1"]
[WhiteTeam "PSV/BSV Wuppertal 1921 e.V."]
[BlackTeam "PSV Turm Duisburg 1920 e.V."]
[WhiteTeamCountry "GER"]
[BlackTeamCountry "GER"]

1. e4 c5 2. c3 Nf6 3. e5 Nd5 4. d4 cxd4 5. Nf3 Nc6 6. Bc4 Nb6 7. Bb3 d5 8. exd6
Qxd6 9. O-O Be6 10. Bxe6 Qxe6 11. Nxd4 Qd5 12. Qe2 e6 13. Nb5 O-O-O 14. b3 Qd3
15. Qxd3 Rxd3 16. Be3 a6 17. Bxb6 axb5 18. Rc1 Be7 19. Kf1 Bg5 20. Re1 Bf6 21.
Rc1 b4 22. Ke2 Rd5 23. a4 Kb8 24. Ra2 Rc8 25. Rac2 Rh5 26. cxb4 Rxh2 27. Nd2
Rxg2 28. Kf1 Rh2 29. Kg1 Rh5 30. b5 Ne7 31. Ba7+ Kxa7 32. Rxc8 Nxc8 33. Rxc8
Bd4 34. Nc4 Rf5 35. Rd8 Rd5 36. Rf8 Rg5+ 37. Kf1 Rf5 38. Rd8 Bxf2 39. Ke2 Bc5
40. a5 Bb4 41. b6+ Ka6 42. Ra8+ Kb5 43. a6 Rg5 44. Kf3 Rf5+ 45. Ke2 1-0

[Event "Bundesliga 9697"]
[Site "Deutschland"]
[Date "1996.??.??"]
[Round "?.6"]
[White "Keitlinghaus, Ludger"]
[Black "Florath, Patrick"]
[Result "1-0"]
[WhiteElo "2515"]
[BlackElo "2295"]
[PlyCount "49"]
[EventDate "1996.10.??"]
[EventType "team"]
[EventRounds "15"]
[EventCountry "GER"]
[SourceTitle "Bundesliga 9697"]
[Source "DeepChess"]
[SourceDate "2005.01.01"]
[SourceVersion "1"]
[SourceVersionDate "2005.01.01"]
[SourceQuality "1"]
[WhiteTeam "PSV Turm Duisburg 1920 e.V."]
[BlackTeam "PSV/BSV Wuppertal 1921 e.V."]
[WhiteTeamCountry "GER"]
[BlackTeamCountry "GER"]

1. e4 e6 2. d4 d5 3. e5 c5 4. c3 Qb6 5. Nf3 Nc6 6. a3 c4 7. Be2 f6 8. Nbd2 Qc7
9. exf6 Nxf6 10. b3 cxb3 11. O-O Bd6 12. c4 O-O 13. c5 Bf4 14. Nxb3 Bxc1 15.
Rxc1 e5 16. Nxe5 Nxe5 17. dxe5 Qxe5 18. Re1 Re8 19. Qd2 Ne4 20. Qb4 Rf8 21. f3
Nf6 22. Bf1 Qc7 23. Nd4 Rf7 24. c6 bxc6 25. Nxc6 1-0

[Event "Bundesliga 9697"]
[Site "Deutschland"]
[Date "1996.??.??"]
[Round "?.8"]
[White "Enders, Peter"]
[Black "Kistella, Roman"]
[Result "1-0"]
[WhiteElo "2500"]
[BlackElo "2270"]
[PlyCount "79"]
[EventDate "1996.10.??"]
[EventType "team"]
[EventRounds "15"]
[EventCountry "GER"]
[SourceTitle "Bundesliga 9697"]
[Source "DeepChess"]
[SourceDate "2005.01.01"]
[SourceVersion "1"]
[SourceVersionDate "2005.01.01"]
[SourceQuality "1"]
[WhiteTeam "PSV Turm Duisburg 1920 e.V."]
[BlackTeam "PSV/BSV Wuppertal 1921 e.V."]
[WhiteTeamCountry "GER"]
[BlackTeamCountry "GER"]

1. e4 c5 2. Nf3 d6 3. d4 cxd4 4. Nxd4 Nf6 5. Nc3 Nc6 6. Bg5 e6 7. Qd2 a6 8.
O-O-O h6 9. Be3 Be7 10. f4 Nxd4 11. Qxd4 Qc7 12. Qb6 Qxb6 13. Bxb6 Bd7 14. Be2
Bc6 15. Bf3 Rc8 16. Kb1 g5 17. g3 g4 18. Bg2 h5 19. h3 Rg8 20. h4 Nd7 21. Bd4
b5 22. a3 Bb7 23. Rd2 Bd8 24. Rhd1 Ba5 25. b4 Bb6 26. Na2 Bc7 27. Nc3 Ke7 28.
Kb2 Rgd8 29. Kb3 Nb6 30. e5 Bxg2 31. Bxb6 Bxb6 32. exd6+ Kd7 33. Rxg2 f5 34. a4
Kc6 35. axb5+ axb5 36. Re2 Rxd6 37. Rxd6+ Kxd6 38. Nxb5+ Kd5 39. c4+ Rxc4 40.
Re5+ 1-0

[Event "Bundesliga 9697"]
[Site "Deutschland"]
[Date "1996.??.??"]
[Round "?.2"]
[White "Unzicker, Wolfgang"]
[Black "Kindermann, Stefan"]
[Result "1/2-1/2"]
[WhiteElo "2460"]
[BlackElo "2530"]
[PlyCount "121"]
[EventDate "1996.10.??"]
[EventType "team"]
[EventRounds "15"]
[EventCountry "GER"]
[SourceTitle "Bundesliga 9697"]
[Source "DeepChess"]
[SourceDate "2005.01.01"]
[SourceVersion "1"]
[SourceVersionDate "2005.01.01"]
[SourceQuality "1"]
[WhiteTeam "PSV Turm Duisburg 1920 e.V."]
[BlackTeam "SAbt SV Werder Bremen"]
[WhiteTeamCountry "GER"]
[BlackTeamCountry "GER"]

1. d4 Nf6 2. c4 g6 3. g3 Bg7 4. Bg2 O-O 5. Nf3 d6 6. O-O Nc6 7. Nc3 a6 8. d5
Na5 9. Nd2 c5 10. Qc2 Rb8 11. b3 b5 12. Bb2 Bh6 13. f4 bxc4 14. bxc4 e5 15.
dxe6 Bxe6 16. Nd5 Rxb2 17. Qxb2 Bg7 18. Qc1 Bxd5 19. cxd5 Ng4 20. Rb1 Ne3 21.
Rf3 Re8 22. Nf1 Nxg2 23. Kxg2 Rxe2+ 24. Rf2 Qe8 25. Rxe2 Qxe2+ 26. Kh3 Qh5+ 27.
Kg2 Qxd5+ 28. Kh3 h5 29. Qc2 Nc6 30. Re1 Nd4 31. Qe4 Qxa2 32. Ne3 Qf2 33. Nd5
Nf3 34. Rh1 Ng1+ 35. Rxg1 Qxg1 36. Qe8+ Kh7 37. Qxf7 Qd4 38. g4 hxg4+ 39. Kxg4
Qd1+ 40. Kg3 Qd3+ 41. Kg4 Qd1+ 42. Kg3 Qb3+ 43. Kg4 Kh6 44. Qe6 a5 45. Qxd6
Qd1+ 46. Kg3 c4 47. Qe6 Qg1+ 48. Kh3 Qf2 49. Qe4 Qd4 50. Qe6 Qd3+ 51. Kg2 c3
52. Ne3 Qe2+ 53. Kg1 Qe1+ 54. Kg2 Qe2+ 55. Kg3 Kh7 56. f5 gxf5 57. Qxf5+ Kg8
58. Qc8+ Kh7 59. Qf5+ Kg8 60. Qc8+ Kh7 61. Qf5+ 1/2-1/2

[Event "Bundesliga 9697"]
[Site "Deutschland"]
[Date "1996.??.??"]
[Round "?.3"]
[White "Knaak, Rainer"]
[Black "Enders, Peter"]
[Result "1/2-1/2"]
[WhiteElo "2530"]
[BlackElo "2500"]
[PlyCount "75"]
[EventDate "1996.10.??"]
[EventType "team"]
[EventRounds "15"]
[EventCountry "GER"]
[SourceTitle "Bundesliga 9697"]
[Source "DeepChess"]
[SourceDate "2005.01.01"]
[SourceVersion "1"]
[SourceVersionDate "2005.01.01"]
[SourceQuality "1"]
[WhiteTeam "SAbt SV Werder Bremen"]
[BlackTeam "PSV Turm Duisburg 1920 e.V."]
[WhiteTeamCountry "GER"]
[BlackTeamCountry "GER"]

1. d4 Nf6 2. c4 g6 3. Nc3 Bg7 4. e4 d6 5. f3 O-O 6. Bg5 c5 7. d5 a6 8. a4 e6 9.
Qd2 Qa5 10. Ra3 exd5 11. cxd5 Re8 12. Nge2 Nbd7 13. Nc1 h5 14. Be2 Nh7 15. Be3
Ne5 16. O-O f5 17. f4 Ng4 18. Bxg4 hxg4 19. e5 dxe5 20. Nb3 Qd8 21. Nxc5 exf4
22. Bxf4 Qb6 23. Qf2 Bf8 24. d6 Bxd6 25. Bxd6 Qxd6 26. Rb3 Nf6 27. Rd1 Qe5 28.
Nd3 Qe3 29. Qxe3 Rxe3 30. Rb6 Re6 31. Rxe6 Bxe6 32. Nc5 Bf7 33. Rd6 Kg7 34. a5
g5 35. g3 Re8 36. Kf2 Rh8 37. Kg1 Re8 38. Kf2 1/2-1/2

[Event "Bundesliga 9697"]
[Site "Deutschland"]
[Date "1996.??.??"]
[Round "?.4"]
[White "Kraut, Rainer"]
[Black "Blatny, Pavel"]
[Result "1/2-1/2"]
[WhiteElo "2455"]
[BlackElo "2490"]
[PlyCount "79"]
[EventDate "1996.10.??"]
[EventType "team"]
[EventRounds "15"]
[EventCountry "GER"]
[SourceTitle "Bundesliga 9697"]
[Source "DeepChess"]
[SourceDate "2005.01.01"]
[SourceVersion "1"]
[SourceVersionDate "2005.01.01"]
[SourceQuality "1"]
[WhiteTeam "PSV Turm Duisburg 1920 e.V."]
[BlackTeam "SAbt SV Werder Bremen"]
[WhiteTeamCountry "GER"]
[BlackTeamCountry "GER"]

1. e4 c6 2. d4 g6 3. Nc3 d5 4. Nf3 Bg4 5. h3 Bxf3 6. Qxf3 dxe4 7. Nxe4 Qxd4 8.
Bd2 Nf6 9. Nxf6+ Qxf6 10. Qb3 b6 11. O-O-O Bg7 12. Kb1 O-O 13. h4 Rd8 14. Bc4
Nd7 15. Bg5 Qxf2 16. Rdf1 Qxg2 17. Bxf7+ Kh8 18. Rfg1 Qe4 19. h5 gxh5 20. Rxh5
Ne5 21. Rgh1 Nxf7 22. Qxf7 Rf8 23. Qxe7 Qxe7 24. Bxe7 Rf2 25. Rxh7+ Kg8 26. Bg5
Re8 27. R7h2 Rxh2 28. Rxh2 Re1+ 29. Bc1 Be5 30. Rg2+ Kf7 31. Rf2+ Ke6 32. c3 a5
33. Kc2 a4 34. Rg2 b5 35. Rf2 c5 36. Bf4 Bxf4 37. Rxf4 Re2+ 38. Kb1 Ke5 39. Rh4
Kd5 40. a3 1/2-1/2

[Event "Bundesliga 9697"]
[Site "Deutschland"]
[Date "1996.??.??"]
[Round "?.5"]
[White "Meins, Gerlef"]
[Black "Thesing, Matthias"]
[Result "1/2-1/2"]
[WhiteElo "2465"]
[BlackElo "2440"]
[PlyCount "32"]
[EventDate "1996.10.??"]
[EventType "team"]
[EventRounds "15"]
[EventCountry "GER"]
[SourceTitle "Bundesliga 9697"]
[Source "DeepChess"]
[SourceDate "2005.01.01"]
[SourceVersion "1"]
[SourceVersionDate "2005.01.01"]
[SourceQuality "1"]
[WhiteTeam "SAbt SV Werder Bremen"]
[BlackTeam "PSV Turm Duisburg 1920 e.V."]
[WhiteTeamCountry "GER"]
[BlackTeamCountry "GER"]

1. d4 d5 2. c4 e6 3. Nf3 c6 4. Qc2 Nf6 5. g3 dxc4 6. Qxc4 b5 7. Qc2 Bb7 8. Bg2
Nbd7 9. O-O c5 10. a4 a6 11. Bg5 Rc8 12. axb5 axb5 13. Qb3 Qb6 14. Nc3 Nd5 15.
dxc5 Bxc5 16. Ne4 Bb4 1/2-1/2

[Event "Bundesliga 9697"]
[Site "Deutschland"]
[Date "1996.??.??"]
[Round "?.6"]
[White "Pirrot, Dieter"]
[Black "Heissler, Jakob"]
[Result "1/2-1/2"]
[WhiteElo "2415"]
[BlackElo "2430"]
[PlyCount "59"]
[EventDate "1996.10.??"]
[EventType "team"]
[EventRounds "15"]
[EventCountry "GER"]
[SourceTitle "Bundesliga 9697"]
[Source "DeepChess"]
[SourceDate "2005.01.01"]
[SourceVersion "1"]
[SourceVersionDate "2005.01.01"]
[SourceQuality "1"]
[WhiteTeam "PSV Turm Duisburg 1920 e.V."]
[BlackTeam "SAbt SV Werder Bremen"]
[WhiteTeamCountry "GER"]
[BlackTeamCountry "GER"]

1. e4 c5 2. c3 d5 3. exd5 Qxd5 4. d4 Nf6 5. Nf3 e6 6. Na3 Qd8 7. Bf4 Nc6 8.
dxc5 Bxc5 9. Qxd8+ Nxd8 10. Nb5 Nd5 11. Bg3 a6 12. Nd6+ Ke7 13. Ne4 Bb6 14.
Bd6+ Ke8 15. Ba3 Bc7 16. Nd6+ Bxd6 17. Bxd6 f6 18. Bc4 Nc6 19. O-O-O Kf7 20.
Rhe1 Rd8 21. Bxd5 Rxd6 22. Bxc6 Rxc6 23. Rd8 e5 24. Red1 Ra7 25. Nd2 Bf5 26. f3
b5 27. a3 Ke7 28. Rg8 Kf7 29. Rd8 Ke7 30. Rg8 1/2-1/2

[Event "Bundesliga 9697"]
[Site "Deutschland"]
[Date "1996.??.??"]
[Round "?.7"]
[White "Hedke, Fred"]
[Black "Prang, Edgar"]
[Result "1/2-1/2"]
[WhiteElo "2380"]
[BlackElo "2330"]
[PlyCount "36"]
[EventDate "1996.10.??"]
[EventType "team"]
[EventRounds "15"]
[EventCountry "GER"]
[SourceTitle "Bundesliga 9697"]
[Source "DeepChess"]
[SourceDate "2005.01.01"]
[SourceVersion "1"]
[SourceVersionDate "2005.01.01"]
[SourceQuality "1"]
[WhiteTeam "SAbt SV Werder Bremen"]
[BlackTeam "PSV Turm Duisburg 1920 e.V."]
[WhiteTeamCountry "GER"]
[BlackTeamCountry "GER"]

1. e4 e6 2. d4 d5 3. exd5 exd5 4. c4 Nf6 5. Nc3 Be7 6. Nf3 O-O 7. Be2 dxc4 8.
Bxc4 Nbd7 9. h3 Nb6 10. Bb3 c6 11. O-O Nbd5 12. Ne5 Be6 13. Bc2 Qb6 14. Nf3
Rad8 15. Re1 Rfe8 16. Ng5 Nc7 17. Bf4 Bd6 18. Na4 Qa5 1/2-1/2